<?xml version="1.0" encoding="UTF-8"?><?xml-stylesheet type="text/xsl" href="static/style.xsl"?><OAI-PMH xmlns="http://www.openarchives.org/OAI/2.0/" xmlns:xsi="http://www.w3.org/2001/XMLSchema-instance" xsi:schemaLocation="http://www.openarchives.org/OAI/2.0/ http://www.openarchives.org/OAI/2.0/OAI-PMH.xsd"><responseDate>2026-06-06T00:40:23Z</responseDate><request verb="GetRecord" identifier="oai:riuma.uma.es:10630/28774" metadataPrefix="marc">https://riuma.uma.es/rest/oai/request</request><GetRecord><record><header><identifier>oai:riuma.uma.es:10630/28774</identifier><datestamp>2026-02-03T11:03:45Z</datestamp><setSpec>com_10630_2254</setSpec><setSpec>col_10630_37953</setSpec></header><metadata><record xmlns="http://www.loc.gov/MARC21/slim" xmlns:dcterms="http://purl.org/dc/terms/" xmlns:doc="http://www.lyncode.com/xoai" xmlns:xsi="http://www.w3.org/2001/XMLSchema-instance" xsi:schemaLocation="http://www.loc.gov/MARC21/slim http://www.loc.gov/standards/marcxml/schema/MARC21slim.xsd">
   <leader>00925njm 22002777a 4500</leader>
   <datafield ind2=" " ind1=" " tag="042">
      <subfield code="a">dc</subfield>
   </datafield>
   <datafield ind2=" " ind1=" " tag="720">
      <subfield code="a">Rubio-Romero, Juan Carlos</subfield>
      <subfield code="e">author</subfield>
   </datafield>
   <datafield ind2=" " ind1=" " tag="720">
      <subfield code="a">Pardo-Ferreira, María del Carmen</subfield>
      <subfield code="e">author</subfield>
   </datafield>
   <datafield ind2=" " ind1=" " tag="720">
      <subfield code="a">Torrecilla-García, Juan Antonio</subfield>
      <subfield code="e">author</subfield>
   </datafield>
   <datafield ind2=" " ind1=" " tag="720">
      <subfield code="a">Calero-Castro, Santiago</subfield>
      <subfield code="e">author</subfield>
   </datafield>
   <datafield ind2=" " ind1=" " tag="260">
      <subfield code="c">2020-05-13</subfield>
   </datafield>
   <datafield ind2=" " ind1=" " tag="520">
      <subfield code="a">The COVID-19 pandemic is posing a huge global health threat. To deal with this problem, in addition to research and work in the medical field, the main health measures being taken in the workplace and at home involve the establishment of safety protocols, which include distance measures, hygiene and the use of personal protective equipment, such as masks, etc. The WHO still does not recommend the use of masks for the general population. However, their successful use in China, South Korea and the Czech Republic has encouraged their widespread use, and the shortage that already existed. This has caused that companies and individuals are looking at the best way to reuse them, and to manufacture, homemade or not, of non-certified masks. This paper is based on two objectives: to consult the scientific literature to identify the main strategies for disinfecting them, and to determine the effectiveness of non-certified disposable masks. A rapid review has been conducted in which the main publications and other information available online have been analyzed. Results showed that the most promising methods are those that use hydrogen peroxide vapor, ultraviolet radiation, moist heat, dry heat and ozone gas. Soapy water, alcohol, bleach immersion, ethylene oxide, ionizing radiation, microwave, high temperature, autoclave or steam are not fully recommended. Regarding the effectiveness of surgical masks compared to PPE, the former have been seen to be slightly less effective than PPE. As for other types of masks the effectiveness of homemade or non-certified masks is very low.</subfield>
   </datafield>
   <datafield ind1="8" ind2=" " tag="024">
      <subfield code="a">Rubio-Romero, J. C., Pardo-Ferreira, M. del C., Torrecilla-García, J. A., &amp; Calero-Castro, S. (2020). Disposable masks: Disinfection and sterilization for reuse, and non-certified manufacturing, in the face of shortages during the COVID-19 pandemic. Safety Science, 129, 104830.</subfield>
   </datafield>
   <datafield ind1="8" ind2=" " tag="024">
      <subfield code="a">https://hdl.handle.net/10630/28774</subfield>
   </datafield>
   <datafield ind1="8" ind2=" " tag="024">
      <subfield code="a">10.1016/j.ssci.2020.104830</subfield>
   </datafield>
   <datafield tag="653" ind2=" " ind1=" ">
      <subfield code="a">Productos sanitarios</subfield>
   </datafield>
   <datafield tag="653" ind2=" " ind1=" ">
      <subfield code="a">Descontaminación</subfield>
   </datafield>
   <datafield tag="653" ind2=" " ind1=" ">
      <subfield code="a">Epidemias</subfield>
   </datafield>
   <datafield ind2="0" ind1="0" tag="245">
      <subfield code="a">Disposable masks: Disinfection and sterilization for reuse, and non-certified manufacturing, in the face of shortages during the COVID-19 pandemic.</subfield>
   </datafield>
</record>
</metadata></record></GetRecord></OAI-PMH>